Irish Cities Map Quiz - Statistics

General Stats
  • This quiz has been taken 1,041 times
  • The average score is 8 of 12
Answers on the Map
Answers color-coded by a green-red scale on the quiz's map according to % correct below.
 
Answer Stats
Answer % Correct
Dublin
94%
Cork
86%
Galway
81%
Waterford
66%
Limerick
64%
Sligo
61%
Wexford
60%
Drogheda
59%
Kilkenny
54%
Letterkenny
53%
Killarney
51%
Shannon
50%
No matching quizzes found
Score Distribution
Percent of People with Each Score
Percentile by Number Answered
Your Score History
You have not taken this quiz